000
00278nam a2200121Ia 4500
008
190216s9999||||xx |||||||||||||| ||und||
100
_a
Watson E V
245
0
_a
Structure And Life Of Bryophytas
260
_b
Hutchinson
_c
1964
300
_a
191p
650
_a
Botany
942
_c
BK
999
_c
1205
_d
1205